000 03109nam a22003257a 4500
005 20091209120037.0
010 _aB-374469-477
020 _a8177790021
_c275.00
035 _aB-374469-477
037 _bसाहित्य भंडार
082 _a
100 _aइक्याव
_921986
245 _aइक्यावन ऐतिहासिक बाल कहानियाँ /
_cरमाशंकर द्वारा संपादित
250 _a2रा संस्क
260 _aइलाहाबाद
_bसाहित्य भंडार
_c2008
270 _a50 चाहचन्द
_bइलाहाबाद
300 _a260पृ
_c22सेमी (अजिल्द)
_bसचित्र
700 _aरमाशंकर
_921897
942 _2ddc
_cCH
_h
_mइक्याव
999 _c32306
_d32306